Statistics for Oscar Best Supporting Actor & Actress - Double Winners

Click here to take the quiz!

General Stats

  • This quiz has been taken 634 times
    (272 since last reset)
  • The average score is 7 of 10

Answer Stats

HintSupporting Actor% Correct
2016 2018Mahershala {Ali}
91%
2010 2013Christoph {Waltz}
84%
1964 1980Melvyn {Douglas}
69%
1987 1995Dianne {Wiest}
66%
1960 1966Shelley {Winters}
66%
1987 2000Michael {Caine}
64%
1977 1978Jason {Robards}
62%
1953 1957Anthony {Quinn}
61%
1937 1939 1941Walter {Brennan}
51%
1961 1965Peter {Ustinov}
45%

Score Distribution

Percentile by Number Answered

Percent of People with Each Score

Your Score History

You have not taken this quiz since the last reset